Statistieken voor Polen Trivia Quiz

Klik hier om de quiz te nemen!

Algemene statistieken

  • Deze quiz is 118 keer genomen
  • De gemiddelde score is 11 van 20

Antwoordstatistieken

HintAntwoord% Correct
HoofdstadWarschau
100%
Op één na grootste stadKrakau
93%
Naam voor Polen in het PoolsPolska
80%
Straling onderzoeker die de eerste
vrouw was die een Nobel Prijs won
Marie Curie
73%
Voormalige vrije stad, bij de
Duitsers bekend als Danzig
Gdańsk
72%
De enige Poolse pausJohannes Paulus II
71%
De valuta van PolenZłoty
69%
Maker van het heliocentrisch model
van het zonnestelsel
Nicolaas Copernicus
52%
Zee ter noorden van PolenBaltische Zee
51%
Rivier op de Duits/Poolse grensOder
49%
Leider van de vakbond hierboven en
president van Polen tussen 1990-95
Lech Wałęsa
48%
Pianist en
"Minutenwals" componist
Frédéric Chopin
48%
Vakbond die zich tegen de Sovjets verzetteSolidariteit
44%
Langste rivierWisła
44%
Voortvluchtige filmmaker van "De Pianist"Roman Polanski
39%
Belangrijke stad in Opper-SileziëKatowice
36%
Poolse gevulde knoedelPierogi
28%
Wild vee dat uitstierf in 1627Oeros
24%
Donuts die gegeten worden op de
laatste donderdag voor het vasten
Pączki
19%
Laatste koning van PolenStanislaus August
16%

Scoreverdeling

Percentiel versus Aantal Correcte Antwoorden

Procent van Mensen met Elke Score

Uw Scoregeschiedenis

U heeft deze quiz nog niet genomen